000 01088cam a2200313 i 4500
001 26602
003 Mx-PuUPA
005 20250319110613.0
008 140415s2021 ag gr 000 0 spa d
020 _a9789876918732
040 _aMx-PuUPA
_bspa
_cMx-PuUPA
_dMx-PuUPA
_erda
041 0 _aspa
245 1 3 _aLa experiencia del tiempo :
_baportes fenomenológicos sobre la temporalidad /
_hRicardo Gibu Shimabukoro, Ángel Xolocotzi Yáñez, coordinadores
250 _a1a Edición
264 1 _aBuenos Aires :
_bEditorial Biblos,
_c©2021
300 _a344 páginas ;
_c23 cm
336 _2rdacontent
_atexto
_btxt
337 _2rdamedia
_asin medio
_bn
338 _2rdacarrier
_avolumen
_bnc
490 0 _aFilosofía
650 7 _913986
_2armarc
_aFenomenología
700 1 _aGibu Shimabukuro, Ricado,
_ecoordinador
700 1 _aXolocotzi Yáñez, Ángel,
_ecoordinador
942 _2ddc
_cLI
_h142.7
_iE96
999 _c26602
_d26602